00686 a2200169 45000010006000000050017000060080041000230030015000640400040000790800053001192450103001722640054002753000019003295050117003480410008004651000043004735777120260407155837.0260407a1985 arg spa dAR-UNSa-BCEJYS aAR-UNSa-BCEJYSbspacAR-UNSa-BCEJYS a339.5xComercio exterior. Comercio Internacional10aBicicletas y componentespestudio piloto de posibilidades de comercio entre países en desarrollo 1aGinebra :bCentro de Comercio Internacionalc1985 a165 p.c23 cm. a1. El mercado mundial – 2. India – 3. Brasil – 4. Egipto – 5. Indonesia – 6. Tailandia – 7. Malasia  aspa1 aCentro de Comercio Internacional (CCI)